Методы определения и область применения основных вариантов системы проветривания шахт; Всесоюзное совещание по проветриванию рудников и обеспыливанию рудничного воздуха

書誌詳細
Parent link:Всесоюзное совещание по проветриванию рудников и обеспыливанию рудничного воздуха.— 1960.— С. 24-26
第一著者: Каратаев А. Ф.
言語:ロシア語
出版事項: 1960
主題:
フォーマット: MixedMaterials 図書の章
KOHA link:https://koha.lib.tpu.ru/cgi-bin/koha/opac-detail.pl?biblionumber=178925

MARC

LEADER 00000naa2a2200000 4500
001 178925
005 20231031170157.0
035 |a (RuTPU)RU\TPU\book\193945 
035 |a RU\TPU\tpu\6123 
090 |a 178925 
100 |a 20100413d1960 k y0rusy50 ca 
101 0 |a rus 
102 |a KZ 
200 1 |a Методы определения и область применения основных вариантов системы проветривания шахт  |f А. Ф. Каратаев 
463 0 |0 (RuTPU)RU\TPU\book\193843  |t Всесоюзное совещание по проветриванию рудников и обеспыливанию рудничного воздуха  |o тезисы докладов и сообщений, 28-30 июня 1960 г., рудник Джезказган  |f Казахское правление НТО цветной металлургии ; Казахский республиканский Совет НТО ; под ред. А. В. Голованова  |v С. 24-26  |d 1960  |p 72 с. 
610 1 |a горное дело 
610 1 |a труды учёных ТПУ 
700 1 |a Каратаев  |b А. Ф. 
801 0 |a RU  |b 63413507  |c 20011210  |g PSBO 
801 2 |a RU  |b 63413507  |c 20100413  |g PSBO 
942 |c BK